000 01046 a2200457 4500
000 BKB
001 136543
005 20200902153046.0
008
010 _a
020 _a
082 _a339.5
_bS28S
100 1 _aSpatial disparities and development policy
110 _a
245 1 _aSpatial disparities and development policy
_cedited by Lucius Kocendarfer and Boris Pleskovic
250 _a
260 _aWashington
_bThe world bank
_c2009
300 _a312p.
490 _a
_v
500 _a
600 _a
610 _a
611 _a
630 _aEconomics
650 _a
651 _a
654 _a
690 _aRegional economic disparities; Regional planning; Economic geography
700 _aKocendarfer, Lucius ed.
_b
_c
700 _aPleskovic, Boris ed.
_b
_c
710 _a
_b
_c
711 _a
720 _a
730 _a
740 _a
752 _a
856 _a
_d
_f
904 _a
964 _a
_b
_c
_d
_e
_f
_g
965 _a
999 _c9746
_d9746